[Event "4NCL Division 4 South"]
[Site "Daventry, ENG"]
[Date "2019.05.05"]
[Round "10.82"]
[White "Green, Anthony J"]
[Black "Meichel, Eric B"]
[Result "0-1"]
[WhiteElo "1980"]
[BlackElo "1922"]
[PlyCount "74"]
[EventDate "2019.05.05"]
[WhiteTeam "Warwickshire Select 2"]
[BlackTeam "MK Phoenix 2"]

1. d4 d5 2. c4 c6 3. Nc3 Nf6 4. e3 a6 5. Nf3 b5 6. b3 g6 7. Be2 Nbd7 8. O-O Bg7
9. Bb2 O-O 10. Qc2 Re8 11. Rad1 b4 12. Na4 Ne4 13. cxd5 cxd5 14. Qc6 Ra7 15.
Qxd5 Bb7 16. Qc4 a5 17. Qc2 Qa8 18. Rc1 Rc8 19. Qd1 Bc6 20. Bd3 Rac7 21. d5
Bxd5 22. Rxc7 Rxc7 23. Bxg7 Kxg7 24. Nd4 Nec5 25. Nxc5 Nxc5 26. f3 Nxd3 27.
Qxd3 Rc3 28. Qd2 e5 29. Nb5 Rc5 30. Nd6 Qc6 31. Ne4 Rc2 32. Qd3 Rxa2 33. Rf2
Ra1+ 34. Rf1 Rxf1+ 35. Kxf1 Qc1+ 36. Kf2 Qb2+ 37. Nd2 Bxb3 0-1

[Event "4NCL Division 4 South"]
[Site "Daventry, ENG"]
[Date "2019.05.05"]
[Round "10.83"]
[White "Williamson, Kevin J"]
[Black "Turner, Simon"]
[Result "0-1"]
[WhiteElo "1860"]
[BlackElo "1945"]
[PlyCount "100"]
[EventDate "2019.05.05"]
[WhiteTeam "MK Phoenix 2"]
[BlackTeam "Warwickshire Select 2"]

1. d4 Nf6 2. Nc3 d5 3. Bg5 Bf5 4. e3 e6 5. Bd3 Bg6 6. Nf3 Be7 7. O-O Nbd7 8.
Re1 Bh5 9. Be2 O-O 10. Ne5 Bxe2 11. Qxe2 Nxe5 12. dxe5 Ne4 13. Nxe4 Bxg5 14.
Nxg5 Qxg5 15. f4 Qe7 16. c3 Qc5 17. Kh1 Rae8 18. Rad1 a6 19. Qd3 c6 20. b4 Qb5
21. Qd4 Rc8 22. e4 c5 23. bxc5 dxe4 24. Qxe4 Rxc5 25. Rb1 Qc4 26. Qxc4 Rxc4 27.
g3 b5 28. Rb3 Rfc8 29. Rd1 Kf8 30. Rd3 R8c6 31. Kg2 Ke7 32. Kf3 f6 33. exf6+
gxf6 34. Ke2 Re4+ 35. Re3 Ra4 36. Rb2 Ra3 37. Kd2 Rc4 38. Kc2 b4 39. Kc1 Raxc3+
40. Rxc3 Rxc3+ 41. Kd2 a5 42. Ke2 Kd6 43. Rd2+ Kc5 44. Kf2 a4 45. Ke1 Rc1+ 46.
Ke2 b3 47. h4 h5 48. axb3 axb3 49. Rd8 b2 50. Kd2 Rg1 0-1

[Event "4NCL Division 4 South"]
[Site "Daventry, ENG"]
[Date "2019.05.05"]
[Round "10.84"]
[White "Sandhu, Manvith"]
[Black "Obi, Marc On"]
[Result "1/2-1/2"]
[WhiteElo "1742"]
[BlackElo "1827"]
[PlyCount "37"]
[EventDate "2019.05.05"]
[WhiteTeam "Warwickshire Select 2"]
[BlackTeam "MK Phoenix 2"]

1. e4 c5 2. Nf3 d6 3. d4 cxd4 4. Qxd4 a6 5. Be3 Nc6 6. Qb6 Qxb6 7. Bxb6 Nf6 8.
Nc3 g6 9. O-O-O Bg4 10. Be2 Bg7 11. h3 Be6 12. Nd5 Bxd5 13. exd5 Nd8 14. Rhe1
O-O 15. Bc4 Rc8 16. Bb3 Nd7 17. Bxd8 Rfxd8 18. Rxe7 Kf8 19. Re2 1/2-1/2

[Event "4NCL Division 4 South"]
[Site "Daventry, ENG"]
[Date "2019.05.05"]
[Round "10.85"]
[White "Cox, Toby"]
[Black "Shearsby, Jude"]
[Result "1-0"]
[WhiteElo "1825"]
[BlackElo "1562"]
[PlyCount "45"]
[EventDate "2019.05.05"]
[WhiteTeam "MK Phoenix 2"]
[BlackTeam "Warwickshire Select 2"]

1. e4 Nc6 2. d4 d5 3. e5 Bf5 4. c3 e6 5. Nd2 f6 6. f4 fxe5 7. fxe5 Nge7 8. Ndf3
a6 9. Ne2 Ng6 10. Ng3 Nge7 11. Nh4 Bg6 12. Bg5 Qd7 13. Be2 h6 14. Bh5 Bxh5 15.
Qxh5+ Kd8 16. Ng6 Rg8 17. O-O hxg5 18. Rxf8+ Rxf8 19. Nxf8 Qe8 20. Nxe6+ Kd7
21. Nc5+ Kd8 22. Nxb7+ Kd7 23. Qg4+ 1-0

[Event "4NCL Division 4 South"]
[Site "Daventry, ENG"]
[Date "2019.05.05"]
[Round "10.86"]
[White "Monga, Kanav"]
[Black "Whiteside, Robert"]
[Result "1/2-1/2"]
[WhiteElo "1386"]
[BlackElo "1807"]
[PlyCount "103"]
[EventDate "2019.05.05"]
[WhiteTeam "Warwickshire Select 2"]
[BlackTeam "MK Phoenix 2"]

1. d4 Nf6 2. Bf4 e6 3. e3 c5 4. c3 Nc6 5. Nd2 d5 6. Ngf3 Be7 7. Bd3 O-O 8. Ne5
c4 9. Bc2 Qb6 10. Rb1 a5 11. a4 Bd8 12. h4 Ne7 13. g4 Ne8 14. g5 Nf5 15. h5 f6
16. gxf6 Bxf6 17. Rg1 Qd8 18. e4 Nfd6 19. Ng4 Bg5 20. Bxg5 Qxg5 21. e5 Qf4 22.
exd6 Nxd6 23. Qe2 Bd7 24. Ne5 Be8 25. h6 Qxh6 26. Ng4 Qf4 27. Qxe6+ Bf7 28.
Nf6+ Kh8 29. Qh3 h6 30. Ng4 Nf5 31. Ne5 Ne7 32. Qg2 g5 33. Rh1 Kg7 34. Ndf3
Rae8 35. Rh4 Qf6 36. Rg4 Bh5 37. Rg3 Ng6 38. Bxg6 Bxg6 39. Rc1 Qf4 40. Kd1 Be4
41. Qg1 Rf5 42. Nd2 Qxf2 43. Qxf2 Rxf2 44. Nxe4 dxe4 45. Rc2 Rf1+ 46. Ke2 Ref8
47. Rg2 R8f5 48. Ke3 R5f4 49. Rgf2 h5 50. Rxf1 Rxf1 51. Rf2 Re1+ 52. Re2
1/2-1/2

[Event "4NCL Division 4 South"]
[Site "Daventry, ENG"]
[Date "2019.05.05"]
[Round "10.91"]
[White "Sheikh, Nasarullah"]
[Black "Pink, Joshua"]
[Result "1-0"]
[WhiteElo "1740"]
[BlackElo "2020"]
[PlyCount "87"]
[EventDate "2019.05.05"]
[WhiteTeam "Rook & Roll"]
[BlackTeam "Throw in the Tal"]

1. e4 e5 2. Nf3 d6 3. d4 Bg4 4. dxe5 Nd7 5. e6 fxe6 6. h3 Bh5 7. Be2 Be7 8. O-O
Ngf6 9. Ng5 Bxe2 10. Qxe2 Nf8 11. Qb5+ N6d7 12. f4 h6 13. Nf3 Qc8 14. Nc3 c6
15. Qe2 Qc7 16. Be3 O-O-O 17. a4 e5 18. a5 Kb8 19. Qc4 Rc8 20. fxe5 dxe5 21. b4
Nh7 22. Rab1 a6 23. Na4 Nhf6 24. Qf7 Rce8 25. Nd2 g5 26. c4 Rh7 27. Qg6 Rg8 28.
Qf5 Rhg7 29. b5 axb5 30. cxb5 c5 31. Nc4 g4 32. h4 g3 33. Bxh6 Rg4 34. Bg5 Rxe4
35. Nab6 Rd4 36. Qe6 Rg7 37. Nxd7+ Qxd7 38. Qxe5+ Qc7 39. Bxf6 Bxf6 40. Rxf6
Qxe5 41. Nxe5 Rxh4 42. b6 Rg8 43. Rbf1 Rhh8 44. Ng6 1-0

[Event "4NCL Division 4 South"]
[Site "Daventry, ENG"]
[Date "2019.05.05"]
[Round "10.92"]
[White "Charnley, Bernard J"]
[Black "Sheikh, Anum"]
[Result "1-0"]
[WhiteElo "1892"]
[BlackElo "1651"]
[PlyCount "49"]
[EventDate "2019.05.05"]
[WhiteTeam "Throw in the Tal"]
[BlackTeam "Rook & Roll"]

1. e4 c5 2. Nc3 e6 3. Nge2 d5 4. exd5 exd5 5. d4 Nf6 6. Bg5 Be6 7. Qd2 Nc6 8.
O-O-O c4 9. Nf4 Be7 10. Nxe6 fxe6 11. g3 a6 12. Bh3 Qd7 13. Rhe1 Nd8 14. Qe2
Kf7 15. f4 Re8 16. Qf3 g6 17. Re5 Qc6 18. Rde1 Bd6 19. Bxf6 Bxe5 20. Bxe5 b5
21. f5 exf5 22. g4 f4 23. Qxf4+ Kg8 24. Bg2 Ne6 25. Qf6 1-0

[Event "4NCL Division 4 South"]
[Site "Daventry, ENG"]
[Date "2019.05.05"]
[Round "10.93"]
[White "Ball, Matthew P"]
[Black "Price, Andrew"]
[Result "0-1"]
[WhiteElo "1607"]
[BlackElo "1772"]
[PlyCount "130"]
[EventDate "2019.05.05"]
[WhiteTeam "Rook & Roll"]
[BlackTeam "Throw in the Tal"]

1. d4 d5 2. Bf4 Nf6 3. e3 g6 4. Nc3 c6 5. Bd3 Bg7 6. h3 O-O 7. Nf3 Nbd7 8. Ne5
Ne8 9. Nxd7 Qxd7 10. Na4 b6 11. c3 Nd6 12. O-O Bb7 13. b3 Rac8 14. Nb2 c5 15.
Bxd6 Qxd6 16. Qd2 e5 17. dxe5 Qxe5 18. Rac1 Rfe8 19. Bb5 Re7 20. Nd3 Qe4 21. f3
Qxe3+ 22. Qxe3 Rxe3 23. Kf2 Re7 24. Nf4 a6 25. Bd3 Bh6 26. g3 Rce8 27. Rc2 Bg7
28. Ng2 d4 29. c4 Bh6 30. Re1 Rxe1 31. Nxe1 Be3+ 32. Kf1 Kf8 33. Be2 Bc8 34. g4
Bg5 35. Ng2 Bb7 36. Kf2 Re6 37. Kf1 Rd6 38. Ne1 Bh4 39. Nd3 Ke7 40. Kg2 f5 41.
b4 cxb4 42. Nxb4 a5 43. Nd3 Bf6 44. Kg3 fxg4 45. hxg4 h5 46. Kf2 h4 47. Nf4 Be5
48. Nd3 Bg3+ 49. Kg2 g5 50. Rb2 Ba6 51. c5 bxc5 52. Nxc5 Bxe2 53. Rxe2+ Kf8 54.
Rd2 Bf4 55. Rd3 Rc6 56. Nb3 Rc2+ 57. Kf1 h3 58. Kg1 Rg2+ 59. Kh1 Rf2 60. Rd1 d3
61. Nd4 Kf7 62. a4 d2 63. Rb1 Be5 64. Nf5 Re2 65. Rb7+ Kf8 0-1

[Event "4NCL Division 4 South"]
[Site "Daventry, ENG"]
[Date "2019.05.05"]
[Round "10.94"]
[White "Conway, John"]
[Black "Kilcline, Jenny"]
[Result "1-0"]
[WhiteElo "1600"]
[BlackElo "1515"]
[PlyCount "129"]
[EventDate "2019.05.05"]
[WhiteTeam "Throw in the Tal"]
[BlackTeam "Rook & Roll"]

1. e4 e6 2. d4 d5 3. Bd3 Nf6 4. e5 Nfd7 5. Ne2 c5 6. c3 Nc6 7. Nd2 Be7 8. O-O
O-O 9. Nf3 f6 10. exf6 Bxf6 11. Nf4 Re8 12. Re1 e5 13. Nxd5 cxd4 14. cxd4 Nb6
15. Nxb6 axb6 16. dxe5 Nxe5 17. Nxe5 Bxe5 18. Be3 Be6 19. Bxh7+ Kxh7 20. Qh5+
Kg8 21. Qxe5 Bxa2 22. Qg3 Bf7 23. Rxa8 Qxa8 24. Rc1 Qa2 25. Bd4 g6 26. Qh4 Kf8
27. Qh8+ Ke7 28. Qf6+ Kd7 29. Bxb6 Qc4 30. Rd1+ Bd5 31. h3 Qe4 32. f3 Qe6 33.
Qd4 Kc8 34. Qxd5 Qxb6+ 35. Qd4 Qxd4+ 36. Rxd4 Re6 37. Kf2 Kc7 38. h4 Kc6 39. g4
Kc5 40. Rd2 Kc4 41. Kg3 b5 42. Kf4 b4 43. Kg5 Kb3 44. f4 Rc6 45. f5 gxf5 46.
gxf5 Rc2 47. Rxc2 Kxc2 48. f6 Kxb2 49. f7 b3 50. f8=Q Ka2 51. Qb4 b2 52. Qxb2+
Kxb2 53. h5 Kc3 54. h6 Kd4 55. h7 Kd5 56. h8=Q Ke4 57. Qb8 Kd5 58. Qb5+ Ke4 59.
Qc5 Kd3 60. Kf4 Kd2 61. Qc4 Ke1 62. Qc2 Kf1 63. Kg3 Ke1 64. Kf3 Kf1 65. Qc1#
1-0

[Event "4NCL Division 4 South"]
[Site "Daventry, ENG"]
[Date "2019.05.05"]
[Round "10.95"]
[White "Kilcline, Declan A"]
[Black "Woolgar, Steven G"]
[Result "1/2-1/2"]
[WhiteElo "1406"]
[BlackElo "1652"]
[PlyCount "86"]
[EventDate "2019.05.05"]
[WhiteTeam "Rook & Roll"]
[BlackTeam "Throw in the Tal"]

1. e4 c5 2. Nc3 Nc6 3. f4 g6 4. Bc4 Bg7 5. Nf3 e6 6. f5 Nge7 7. fxe6 dxe6 8.
O-O O-O 9. d3 h6 10. Be3 b6 11. Qd2 h5 12. Bh6 Nd4 13. Bxg7 Kxg7 14. Nxd4 cxd4
15. Ne2 Nc6 16. c3 e5 17. Bd5 Qd6 18. cxd4 exd4 19. Rac1 Bd7 20. Kh1 Rac8 21.
a3 f5 22. Qf4 Qf6 23. Bxc6 Bxc6 24. e5 Qd8 25. Nxd4 Qd5 26. Rxc6 Rxc6 27. Nxc6
Qxc6 28. Rc1 Qd7 29. Qc4 Re8 30. d4 Re7 31. h3 a5 32. a4 Qe6 33. Qb5 Rb7 34.
Rc6 Qa2 35. Rxb6 Rxb6 36. Qxb6 Qb1+ 37. Kh2 Qe4 38. Qf6+ Kh6 39. Qf8+ Kg5 40.
Qf6+ Kh6 41. Qf8+ Kg5 42. Qf6+ Kh6 43. Qf8+ Kg5 1/2-1/2

[Event "4NCL Division 4 South"]
[Site "Daventry, ENG"]
[Date "2019.05.05"]
[Round "10.96"]
[White "Sanchez, Margarita"]
[Black "Ball, Charlie"]
[Result "0-1"]
[WhiteElo "1270"]
[BlackElo "1367"]
[PlyCount "60"]
[EventDate "2019.05.05"]
[WhiteTeam "Throw in the Tal"]
[BlackTeam "Rook & Roll"]

1. c4 d6 2. Nc3 Nf6 3. g3 Nbd7 4. Bg2 e5 5. e4 Be7 6. Nge2 c6 7. O-O Qc7 8. d3
h6 9. f4 h5 10. f5 h4 11. gxh4 Rxh4 12. Bg5 Rh7 13. Ng3 Nh5 14. Nxh5 Bxg5 15.
Qg4 Bf6 16. Rf3 Qb6+ 17. Rf2 Qd4 18. Rd1 b6 19. Rdd2 Bb7 20. Ne2 Qc5 21. a3
O-O-O 22. Qf3 Bg5 23. Nef4 exf4 24. Nxf4 Rdh8 25. Bh3 Bxf4 26. Qxf4 Rxh3 27.
Kf1 Ne5 28. d4 Qxc4+ 29. Kg1 Nd3 30. Rxd3 Qxd3 0-1

[Event "4NCL Division 4 South"]
[Site "Daventry, ENG"]
[Date "2019.05.05"]
[Round "10.101"]
[White "McNally, Richard J E"]
[Black "Foster, Timothy"]
[Result "0-1"]
[WhiteElo "1922"]
[BlackElo "1862"]
[PlyCount "82"]
[EventDate "2019.05.05"]
[WhiteTeam "Banbury Bulldogs"]
[BlackTeam "Oxford 4"]

1. d4 Nf6 2. Nc3 d5 3. Bg5 c5 4. Bxf6 gxf6 5. e3 Nc6 6. Qh5 cxd4 7. exd4 e6 8.
Nf3 Bb4 9. Bb5 Bd7 10. O-O Bxc3 11. bxc3 Rc8 12. Rfe1 Ne7 13. Bxd7+ Qxd7 14.
Qh6 Ng6 15. h4 Qd6 16. h5 Qf8 17. Qe3 Ne7 18. Rab1 b6 19. Qf4 Qg7 20. Rb3 Rg8
21. g3 Qg4 22. Qxf6 Qxh5 23. Ne5 Qf5 24. Qxf5 Nxf5 25. Ra3 Rc7 26. Kh2 Nd6 27.
f3 Nb5 28. Rb3 Nxc3 29. Ng4 Kd8 30. Kh3 Na4 31. Ne3 a6 32. g4 b5 33. Kh4 Kc8
34. g5 Nb6 35. Kh5 Rg6 36. Re2 Nc4 37. Ng4 Rd7 38. Nf6 Rd8 39. f4 h6 40. Rg3
hxg5 41. Rxg5 Rxf6 0-1

[Event "4NCL Division 4 South"]
[Site "Daventry, ENG"]
[Date "2019.05.05"]
[Round "10.102"]
[White "Rudny, Tomasz"]
[Black "Martin, Nick J"]
[Result "1/2-1/2"]
[WhiteElo "1900"]
[BlackElo "1802"]
[PlyCount "48"]
[EventDate "2019.05.05"]
[WhiteTeam "Oxford 4"]
[BlackTeam "Banbury Bulldogs"]

1. d4 f5 2. Nc3 Nf6 3. Bg5 e6 4. e4 fxe4 5. Nxe4 Be7 6. Bxf6 Bxf6 7. Nf3 b6 8.
Bd3 Bb7 9. Qe2 a5 10. c3 Ba6 11. Bxa6 Nxa6 12. Nxf6+ Qxf6 13. Qe5 O-O 14. Qxf6
gxf6 $11 15. O-O c6 16. Rfe1 Nc7 17. Nd2 Nd5 18. Nc4 Rf7 19. Ne3 Ne7 20. a4 Rg7
21. Rad1 f5 22. Nc4 Nd5 23. Ne3 Ne7 24. Nc4 Nd5 1/2-1/2

[Event "4NCL Division 4 South"]
[Site "Daventry, ENG"]
[Date "2019.05.05"]
[Round "10.103"]
[White "Hibbitt, Arthur M"]
[Black "Cole, Graham"]
[Result "0-1"]
[WhiteElo "1771"]
[BlackElo "1794"]
[PlyCount "96"]
[EventDate "2019.05.05"]
[WhiteTeam "Banbury Bulldogs"]
[BlackTeam "Oxford 4"]

1. f4 c5 2. Nf3 Nc6 3. e4 d6 4. Nc3 g6 5. Bb5 Bd7 6. O-O Bg7 7. Bxc6 Bxc6 8. d3
Nf6 9. Qe1 O-O 10. Qh4 e6 11. f5 Nd7 12. Bg5 Bf6 13. Ne2 exf5 14. Bxf6 Qxf6 15.
Qxf6 Nxf6 16. exf5 Ng4 17. c3 Ne3 18. Rf2 Nxf5 19. Ng5 Rae8 20. d4 h6 21. Nh3
Bb5 22. Nef4 cxd4 23. cxd4 Nxd4 24. Nd5 Re5 25. Nhf4 Ne2+ 26. Nxe2 Rxe2 27.
Rxe2 Bxe2 28. Re1 Bc4 29. Nc3 Be6 30. Nb5 d5 31. Nc7 Rd8 32. Nxe6 fxe6 33. Rxe6
Kf7 34. Re2 d4 35. Kf2 Rd6 36. Rd2 Kf6 37. Kf3 Kf5 38. g4+ Ke5 39. h4 Rf6+ 40.
Kg3 Ke4 41. Re2+ Kd3 42. Re7 Rb6 43. b3 Kd2 44. Kf4 d3 45. Ke4 Rd6 46. Re5 Kd1
47. Ke3 d2 48. Kf2 Kc1 0-1

[Event "4NCL Division 4 South"]
[Site "Daventry, ENG"]
[Date "2019.05.05"]
[Round "10.104"]
[White "Neatherway, A Philip"]
[Black "Evans, Christopher J"]
[Result "1-0"]
[WhiteElo "1793"]
[BlackElo "1730"]
[PlyCount "63"]
[EventDate "2019.05.05"]
[WhiteTeam "Oxford 4"]
[BlackTeam "Banbury Bulldogs"]

1. e4 c5 2. Nf3 d6 3. d4 cxd4 4. Nxd4 Nf6 5. Nc3 a6 6. Be2 e6 7. Be3 b5 8. f3
Qc7 9. a4 b4 10. Na2 d5 11. Qd2 dxe4 12. Nxb4 Bb7 13. O-O Bd6 14. Rad1 Bxh2+
15. Kh1 O-O 16. f4 Bg3 17. Bf2 Bxf4 18. Be3 Bxe3 19. Qxe3 Nd5 20. Nxd5 Bxd5 21.
Nf5 exf5 22. Rxd5 g6 23. Rdxf5 Qe7 24. R5f4 f5 25. Bc4+ Kg7 26. Bd5 Ra7 27.
Bxe4 Qe5 28. Qxa7+ Rf7 29. Qf2 Qxb2 30. c4 Qe5 31. Bd5 Re7 32. Qd4 1-0

[Event "4NCL Division 4 South"]
[Site "Daventry, ENG"]
[Date "2019.05.05"]
[Round "10.105"]
[White "Joian, Danut"]
[Black "Dumitrescu, George-Mihai"]
[Result "1-0"]
[WhiteElo "1787"]
[BlackElo "1609"]
[PlyCount "73"]
[EventDate "2019.05.05"]
[WhiteTeam "Banbury Bulldogs"]
[BlackTeam "Oxford 4"]

1. d4 d5 2. Nc3 Nf6 3. Bf4 c6 4. e3 Bf5 5. f3 e6 6. g4 Bg6 7. h4 h6 8. h5 Bh7
9. Bd3 Bxd3 10. Qxd3 Bd6 11. Nge2 Qc7 12. O-O-O Nbd7 13. Bxd6 Qxd6 14. e4 dxe4
15. Nxe4 Nxe4 16. fxe4 O-O-O 17. e5 Qe7 18. Qe3 Nb6 19. Kb1 Nd5 20. Qf3 Rhf8
21. c4 Nb6 22. Qb3 Qg5 23. Rhg1 f6 24. a4 fxe5 25. a5 Na8 26. d5 Rd6 27. a6 b6
28. dxc6 Rxc6 29. Qa4 Rc7 30. Nc3 Qe7 31. Nb5 Rc5 32. b4 Rxb5 33. Qxb5 Nc7 34.
Qa4 Rf4 35. Rgf1 Rxc4 36. Rf8+ Qxf8 37. Qd7+ 1-0

[Event "4NCL Division 4 South"]
[Site "Daventry, ENG"]
[Date "2019.05.05"]
[Round "10.106"]
[White "Matilal, Tamal"]
[Black "Rumsby, Stephen"]
[Result "1-0"]
[WhiteElo "1419"]
[BlackElo "1605"]
[PlyCount "105"]
[EventDate "2019.05.05"]
[WhiteTeam "Oxford 4"]
[BlackTeam "Banbury Bulldogs"]

1. Nf3 d5 2. c4 d4 3. b4 g6 4. Bb2 Bg7 5. d3 e5 6. Qa4+ Bd7 7. Qb3 Ne7 8. g3
Na6 9. Bg2 Rb8 10. O-O c5 11. b5 Nc7 12. a4 b6 13. Nbd2 O-O 14. Ne4 Ne8 15. e3
Bf5 16. exd4 exd4 17. Ned2 Nd6 18. Nh4 Be6 19. Ba3 Nef5 20. Nxf5 Bxf5 21. a5
Qc8 22. axb6 axb6 23. Rfe1 Bh3 24. Bd5 Qd8 25. Ne4 Nxe4 26. Rxe4 Bf5 27. Re2
Kh8 28. Rae1 Qd6 29. Re7 Bf6 30. Rxf7 Rxf7 31. Bxf7 Rb7 32. Re8+ Kg7 33. Bd5
Re7 34. Rg8+ Kh6 35. Bc1+ Bg5 36. Qd1 Qf6 37. f4 Bh4 38. gxh4 Qxh4 39. Bd2 Ra7
40. Be4 Qh3 41. Bxf5 Qxf5 42. Qf3 Ra1+ 43. Kf2 Ra2 44. Qe2 Qh3 45. f5+ Rxd2 46.
Qxd2+ Kh5 47. Qf4 Qxd3 48. Qf3+ Qxf3+ 49. Kxf3 Kg5 50. fxg6 hxg6 51. Rb8 Kf5
52. Rxb6 Ke5 53. Rxg6 1-0

[Event "4NCL Division 4 South"]
[Site "Daventry, ENG"]
[Date "2019.05.05"]
[Round "10.111"]
[White "Szymanski, Mark"]
[Black "Vachtfeidl, Petr"]
[Result "0-1"]
[WhiteElo "1823"]
[BlackElo "1841"]
[PlyCount "116"]
[EventDate "2019.05.05"]
[WhiteTeam "Iceni 3"]
[BlackTeam "CSC 3"]

1. c4 e5 2. g3 Nf6 3. Bg2 h6 4. Nc3 Bb4 5. Nd5 Nxd5 6. cxd5 O-O 7. e3 d6 8. Ne2
c6 9. a3 Ba5 10. b4 Bb6 11. a4 a5 12. b5 cxd5 13. Bxd5 Nd7 14. Bb2 Nf6 15. Bg2
Re8 16. O-O d5 17. d4 e4 18. Ba3 Bf5 19. Bc5 Bc7 20. Rc1 Qd7 21. b6 Bd8 22. Nc3
Re6 23. Qb3 Rc6 24. Rb1 Ra6 25. Rfc1 Bh3 26. Nxd5 Bxg2 27. Nxf6+ Rxf6 28. Kxg2
Qf5 29. Qc2 Qf3+ 30. Kg1 h5 31. Rb2 h4 32. Qe2 Qxe2 33. Rxe2 hxg3 34. hxg3 Bxb6
35. Rb2 Rc6 36. Rbc2 Bxc5 37. Rxc5 Rab6 38. Rxc6 Rxc6 39. Rb1 b6 40. Rb5 Kf8
41. Kg2 f6 42. g4 g5 43. d5 Rc4 44. Rxb6 Ke7 45. Re6+ Kf7 46. Ra6 Rxa4 47. f3
Ra2+ 48. Kg3 Re2 49. Ra7+ Kf8 50. Ra6 Rxe3 51. Rxa5 Rxf3+ 52. Kg2 Rf4 53. Kg3
e3 54. Ra6 Re4 55. Re6 Rxe6 56. dxe6 Ke7 57. Kf3 Kxe6 58. Kxe3 Ke5 0-1

[Event "4NCL Division 4 South"]
[Site "Daventry, ENG"]
[Date "2019.05.05"]
[Round "10.112"]
[White "Saidmurodov, Shahjahon"]
[Black "Donaghay, Richard H"]
[Result "0-1"]
[WhiteElo "1775"]
[BlackElo "1803"]
[PlyCount "70"]
[EventDate "2019.05.05"]
[WhiteTeam "CSC 3"]
[BlackTeam "Iceni 3"]

1. d4 d6 2. Bf4 Nf6 3. e3 g6 4. Nc3 Nh5 5. Bg5 Bg7 6. Bd3 c5 7. Nge2 h6 8. Bh4
g5 9. Bg3 cxd4 10. exd4 Nxg3 11. Nxg3 Nc6 12. Qh5 Nxd4 13. O-O-O Ne6 14. Nd5
Qa5 15. Bc4 b5 16. Bb3 Bb7 17. Nf5 Bxd5 18. Nxg7+ Nxg7 19. Qg4 Bxb3 20. axb3
O-O 21. Kb1 Rac8 22. h4 Qc7 23. c3 f5 24. Qe2 g4 25. f3 h5 26. fxg4 fxg4 27.
Qe3 b4 28. c4 a5 29. Qh6 a4 30. Rd5 Rf6 31. Qe3 axb3 32. Rc1 e6 33. Rg5 Ra8 34.
Qxb3 Qa7 35. Rd1 Rf2 0-1

[Event "4NCL Division 4 South"]
[Site "Daventry, ENG"]
[Date "2019.05.05"]
[Round "10.113"]
[White "Lovell, Steve"]
[Black "Towers, Nigel S"]
[Result "1/2-1/2"]
[WhiteElo "1795"]
[BlackElo "1822"]
[PlyCount "40"]
[EventDate "2019.05.05"]
[WhiteTeam "Iceni 3"]
[BlackTeam "CSC 3"]

1. e4 c6 2. d4 d5 3. f3 e6 4. Nc3 Bb4 5. Nge2 dxe4 6. fxe4 Qh4+ 7. Ng3 Nf6 8.
Bd3 O-O 9. Qf3 c5 10. a3 cxd4 11. axb4 dxc3 12. bxc3 Nc6 13. Qf4 Qxf4 14. Bxf4
h6 15. Be3 a6 16. Bc5 Rd8 17. Bc4 Ne5 18. Bb3 b5 19. Ke2 Bb7 20. Bd4 Nfd7
1/2-1/2

[Event "4NCL Division 4 South"]
[Site "Daventry, ENG"]
[Date "2019.05.05"]
[Round "10.114"]
[White "Cresswell, Mike J"]
[Black "Carter, Dominic A"]
[Result "1/2-1/2"]
[WhiteElo "1695"]
[BlackElo "1617"]
[PlyCount "30"]
[EventDate "2019.05.05"]
[WhiteTeam "CSC 3"]
[BlackTeam "Iceni 3"]

1. e4 e5 2. Nf3 Nc6 3. d4 exd4 4. c3 d5 5. Bd3 dxc3 6. Nxc3 Bb4 7. exd5 Bxc3+
8. bxc3 Qxd5 9. O-O Bg4 10. Qe1+ Nge7 11. Be4 Qd6 12. Bxc6+ bxc6 13. Ne5 Bf5
14. Bf4 O-O 15. Nxc6 Qxc6 1/2-1/2

[Event "4NCL Division 4 South"]
[Site "Daventry, ENG"]
[Date "2019.05.05"]
[Round "10.115"]
[White "Rowles, Sarah"]
[Black "John, Joshua"]
[Result "0-1"]
[WhiteElo "1456"]
[BlackElo "1665"]
[PlyCount "82"]
[EventDate "2019.05.05"]
[WhiteTeam "Iceni 3"]
[BlackTeam "CSC 3"]

1. d4 Nf6 2. Nd2 d5 3. Ngf3 e6 4. e3 c5 5. Ne5 Nc6 6. Bb5 Qb6 7. c4 cxd4 8.
exd4 Bd7 9. Nxd7 Nxd7 10. Bxc6 Qxc6 11. Qf3 Nf6 12. O-O Bb4 13. Re1 dxc4 14.
Qxc6+ bxc6 15. a3 Ba5 16. Re2 c3 17. Nc4 cxb2 18. Bxb2 Bc7 19. Rc1 Bf4 20. Rcc2
Kd7 21. Ne5+ Bxe5 22. dxe5 Nd5 23. Red2 Rab8 24. g3 Rb3 25. a4 Rb4 26. Kg2 Rxa4
27. Bd4 Rb8 28. Ra2 Rbb4 29. Rxa4 Rxa4 30. Bc5 Ra5 31. Bb4 Rb5 32. Bf8 g6 33.
Bh6 c5 34. Be3 Kc6 35. Bg5 c4 36. Rd4 Kc5 37. Rd1 c3 38. Bc1 Kc4 39. Re1 Rb1
40. Re4+ Kb3 41. Re1 c2 0-1

[Event "4NCL Division 4 South"]
[Site "Daventry, ENG"]
[Date "2019.05.05"]
[Round "10.116"]
[White "Kan, Toby"]
[Black "Kent, Rowan"]
[Result "1/2-1/2"]
[WhiteElo "1550"]
[BlackElo "1405"]
[PlyCount "100"]
[EventDate "2019.05.05"]
[WhiteTeam "CSC 3"]
[BlackTeam "Iceni 3"]

1. e4 e5 2. Nf3 Nc6 3. Bc4 Bc5 4. b4 Bxb4 5. c3 Bc5 6. d4 exd4 7. O-O d3 8. Ng5
Nh6 9. Nxf7 Nxf7 10. Bxf7+ Kxf7 11. Qh5+ g6 12. Qxc5 d6 13. Qc4+ Be6 14. Qxd3
Ne5 15. Qg3 Kg7 16. Bg5 Qd7 17. f4 Nf7 18. f5 Nxg5 19. Qxg5 Bf7 20. f6+ Kf8 21.
Qh6+ Ke8 22. Qg7 Rg8 23. Qxh7 Qe6 24. Nd2 Kd7 25. Qh4 Qe5 26. Qh3+ Qe6 27.
Qxe6+ Bxe6 28. Nf3 g5 29. Nd4 Raf8 30. Rab1 b6 31. Rf3 Rg6 32. Rbf1 Bg4 33.
R3f2 Be6 34. Rf3 Bg4 35. Rg3 Be6 36. Nxe6 Kxe6 37. Rf5 Rgxf6 38. Rgxg5 Rxf5 39.
Rxf5 Rxf5 40. exf5+ Kxf5 41. Kf2 b5 42. Ke3 c5 43. a3 d5 44. Kd3 a5 45. h4 Kg4
46. g3 Kh5 47. Kc2 a4 48. Kb2 Kg4 49. Kc2 Kh5 50. Kb2 Kg4 1/2-1/2

[Event "4NCL Division 4 South"]
[Site "Daventry, ENG"]
[Date "2019.05.05"]
[Round "10.121"]
[White "Ogunshola, Ben"]
[Black "O'Byrne, Daniel"]
[Result "1-0"]
[WhiteElo "2193"]
[BlackElo "1742"]
[PlyCount "45"]
[EventDate "2019.05.05"]
[WhiteTeam "The Pitstop"]
[BlackTeam "Check Innmates 3"]

1. c4 Nf6 2. Nf3 c5 3. Nc3 Nc6 4. g3 g6 5. Bg2 Bg7 6. O-O O-O 7. d4 cxd4 8.
Nxd4 Nxd4 9. Qxd4 d6 10. Qd2 Rb8 11. Rd1 Bd7 12. b3 Bc6 13. Bb2 Qa5 14. Nd5 Qd8
15. Nxf6+ exf6 16. Bxc6 bxc6 17. Qxd6 Qxd6 18. Rxd6 c5 19. Rad1 f5 20. Bxg7
Kxg7 21. Rd7 a5 22. Ra7 Ra8 23. Rdd7 1-0

[Event "4NCL Division 4 South"]
[Site "Daventry, ENG"]
[Date "2019.05.05"]
[Round "10.122"]
[White "Headlong, Benjamin"]
[Black "Froom, Oliver"]
[Result "1/2-1/2"]
[WhiteElo "1765"]
[BlackElo "1939"]
[PlyCount "33"]
[EventDate "2019.05.05"]
[WhiteTeam "Check Innmates 3"]
[BlackTeam "The Pitstop"]

1. e4 c5 2. Nf3 d6 3. c3 Nf6 4. h3 Nc6 5. Bd3 e5 6. Bc2 d5 7. exd5 Nxd5 8. d4
exd4 9. cxd4 cxd4 10. O-O Nf6 11. Ba4 Bd7 12. Bxc6 bxc6 13. Qxd4 Be7 14. Ne5 c5
15. Qd3 O-O 16. Nxd7 Qxd7 17. Qxd7 1/2-1/2

[Event "4NCL Division 4 South"]
[Site "Daventry, ENG"]
[Date "2019.05.05"]
[Round "10.123"]
[White "Homer, Neil S"]
[Black "Snook-Lumb, Chris"]
[Result "0-1"]
[WhiteElo "1692"]
[BlackElo "1716"]
[PlyCount "126"]
[EventDate "2019.05.05"]
[WhiteTeam "The Pitstop"]
[BlackTeam "Check Innmates 3"]

1. Nf3 f5 2. d3 e6 3. e4 d5 4. exf5 exf5 5. d4 Nf6 6. Bd3 Bd6 7. O-O O-O 8. c4
c6 9. Nc3 Kh8 10. cxd5 cxd5 11. Nb5 Nc6 12. Nxd6 Qxd6 13. g3 Nh5 14. Ng5 g6 15.
Be2 Ng7 16. a3 f4 17. g4 h6 18. Nh3 g5 19. b4 Qf6 20. f3 Nxd4 21. Bb2 Nxe2+ 22.
Qxe2 Qf7 23. Rfe1 Bd7 24. Qd2 Rae8 25. Qd4 b6 26. Rad1 Ba4 27. Rc1 Kg8 28. Nf2
Re3 29. Rxe3 fxe3 30. Qxe3 Qxf3 31. Qxf3 Rxf3 32. Rc8+ Rf8 33. Rc7 Rf7 34. Rc8+
Kh7 35. Rd8 Rd7 36. Rxd7 Bxd7 37. Nd3 Bxg4 38. Ne5 Bc8 39. Nc6 a6 40. Bd4 b5
41. Ne7 Bb7 42. Bxg7 Kxg7 43. Nf5+ Kg6 44. Nd4 Kf6 45. Kf2 Ke5 46. Ke3 g4 47.
Ne2 h5 48. Ng3 d4+ 49. Kd3 h4 50. Ne2 Be4+ 51. Kd2 Bf3 52. Nc1 g3 53. hxg3 hxg3
54. Nd3+ Kf5 55. Ke1 g2 56. Kf2 Be4 57. Nb2 Kg4 58. Nd1 Kh3 59. Kg1 Kg3 60. Nf2
Bc2 61. a4 bxa4 62. b5 axb5 63. Nd3 a3 0-1